| Tag |
First Indicator |
Second Indicator |
Subfields |
| LEADER |
00000cam a22000001a 4500 |
| 001 |
in00002139507 |
| 006 |
m e d # |
| 007 |
cr mn mmmmabba |
| 008 |
860609s1764 pau s 000 0 ger d |
| 005 |
20260330215822.2 |
| 035 |
|
|
|z w000115
|
| 035 |
|
|
|a MAAR8606091307B
|
| 035 |
|
|
|9 mwa91-30489
|
| 035 |
|
|
|a 317240
|
| 035 |
|
|
|a aas03000115
|
| 040 |
|
|
|a MWA
|c MWA
|e bdrb
|d UtOrBLW
|
| 041 |
1 |
|
|a ger
|h eng
|
| 100 |
1 |
|
|a Dickinson, John,
|d 1732-1808.
|
| 240 |
1 |
0 |
|a To the King's Most Excellent Majesty in Council, the representation and petition of Your Majesty's dutiful and loyal subjects, freeholders and inhabitants of the province of Pennsylvania.
|l German
|
| 245 |
1 |
0 |
|a Seiner königlichen erhabensten Majestät im hohen Rath, nahe sich dies demüthigste Vorstellung und Bitte von seiner Majestät gerhorsamst-getreuen Unterthanen, den freyen Einwohnern der Provinz Pennsylvanien.
|
| 264 |
|
1 |
|a [Philadelphia] :
|b [Gedruckt by Henrich Miller],
|c [1764]
|
| 300 |
|
|
|a 1 sheet (2 unnumbered pages)
|
| 336 |
|
|
|a text
|b txt
|2 rdacontent
|
| 337 |
|
|
|a computer
|b c
|2 rdamedia
|
| 338 |
|
|
|a online resource
|b cr
|2 rdacarrier
|
| 500 |
|
|
|a Translation of: Dickinson, John. To the King's Most Excellent Majesty in Council, the representation and petition of Your Majesty's dutiful and loyal subjects, freeholders and inhabitants of the province of Pennsylvania (Evans 9786). The petition, drawn up by Dickinson in July 1764, protests the General Assembly's proposal for a change from proprietary to royal government.
|
| 500 |
|
|
|a "Aus dem Englischen übersetzt."--page [2].
|
| 500 |
|
|
|a Imprint supplied by Werner Tannhof. Ascribed to the press of Anthony Armbruster by Hildeburn and Evans. Evans ascribes the English-language edition (Evans 9786) to the press of Miller.
|
| 510 |
4 |
|
|a Evans
|c 9833
|
| 510 |
4 |
|
|a Hildeburn, C.R. Pennsylvania,
|c 2061
|
| 530 |
|
|
|a Microform version available in the Readex Early American Imprints series.
|
| 533 |
|
|
|a Electronic text and image data.
|b [Chester, Vt. :
|c Readex, a division of Newsbank, Inc.,
|d 2002-2004.
|e Includes files in TIFF, GIF and PDF formats with inclusion of keyword searchable text.
|f (Early American imprints. First series ; no. 9833).
|
| 500 |
|
|
|a Electronic resource.
|
| 651 |
|
0 |
|a Pennsylvania
|x Politics and government
|y To 1775.
|
| 752 |
|
|
|a United States
|b Pennsylvania
|d Philadelphia.
|
| 830 |
|
0 |
|a Early American imprints.
|n Series I,
|p Evans (1639-1800) ;
|v no. 9833.
|
| 856 |
4 |
1 |
|u http://proxy.library.tamu.edu/login?url=https://opac.newsbank.com/select/evans/9833
|y Evans Digital Edition
|t 0
|
| 999 |
|
|
|a MARS
|
| 999 |
f |
f |
|s 8d84c554-73db-3f22-94d9-24f759a415cf
|i 27bbde15-d56d-3a86-a7eb-6bff93a21693
|t 0
|
| 952 |
f |
f |
|a Texas A&M University
|b College Station
|c Electronic Resources
|s www_evans
|d Available Online
|t 0
|h No information provided
|
| 998 |
f |
f |
|t 0
|l Available Online
|